000
00321 a2200157 4500
001
173617
020
_a
040
_c
Magnum
100
_a
Arrabal, Jose
240
1
0
_a
Quem traiu o peixe-boi ?
_l
por
245
1
0
_a
Quem traiu o peixe-boi ?
362
0
_a
1899
440
1
_a
FTD
697
_a
IJ/ANIMAIS
942
_c
BK
999
_c
173617
_d
173617